Statistics for Five northernmost major cities by continent

Click here to take the quiz!

General Stats

  • This quiz has been taken 16 times
  • The average score is 22 of 30

Answer Stats

LatitudePopCity% Correct
36°45'N4.25 MAlgiers
100%
59°19'N2.27 MStockholm
100%
36°48'N2.70 MTunis
100%
51°03'N1.46 MCalgary
93%
10°28'N3.82 MCaracas
93%
53°32'N1.43 MEdmonton
93%
60°10'N1.53 MHelsinki
93%
59°54'N1.26 MOslo
93%
59°56'N6.50 MSt Petersburg
93%
49°15'N3.07 MVancouver
93%
34°55'S1.42 MAdelaide
87%
31°57'S2.25 MPerth
87%
47°36'N4.47 MSeattle
87%
33°52'S4.97 MSydney
87%
36°50'S1.48 MAuckland
80%
10°59'N2.32 MBarranquilla
80%
27°28'S3.35 MBrisbane
80%
10°38'N2.80 MMaracaibo
80%
55°03'N1.86 MNovosibirsk
73%
35.41'N1.60 MOran
73%
54°59'N1.16 MOmsk
67%
45°31'N2.42 MPortland
67%
35°46'N1.22 MTangier
60%
56°50'N1.86 MYekaterinburg
60%
10°24'N1.22 MCartagena
47%
35°50'N1.15 MSousse
40%
55°09'N1.47 MChelyabinsk
33%
58°00'N1.09 MPerm
27%
56°00'N1.29 MKrasnoyarsk
20%
10°14'N1.47 MMaracay
13%

Score Distribution

Percentile by Number Answered

Percent of People with Each Score

Your Score History

You have not taken this quiz